Waldbahn - RB 35 - Statistiken

Allgemein
  • Dieses Quiz wurde 15 mal gespielt
  • Das Durchschnittsergebnis liegt bei 6 aus 11
Antwortstatistiken
Bahnhöfe % Korrekt
Deggendorf HBF
100%
Plattling
100%
Zwiesel (Bay)
89%
Bayerisch-Eisenstein
78%
Regen
78%
Gotteszell
44%
Ludwigstal
44%
Bettmannsäge
33%
Pankofen
33%
Triefenried
33%
Grafling-Arzting
11%
Keine übereinstimmenden Quizze gefunden
Verteilung der Resultate
Anzahl Personen mit jedem Resultat
Perzentil nach korrekt beantworteten Fragen
Ihre Resultats-Entwicklung
Sie haben dieses Quiz noch nicht gespielt